000 01312cam a22003011i 4500
003 SA-RiAUC
005 20250612054612.0
008 250610s1993 su g 000r0dara c
040 _aSA-JeALM
_bara
_cSA-RiAUC
_erda
082 0 4 _a212
_qSA-RiAUC
090 _a212
_bج م ا
100 1 _aجمال، أحمد محمد صالح،
_d1343-1413 هجري
_eمؤلف.
245 1 0 _aفي مدرسة النبوة /
_cأحمد محمد جمال.
250 _aالطبعة الأولى.
264 1 _aمكة المكرمة :
_bنادي مكة الثقافي الأدبي،
_c1993
300 _a255 صفحة ؛
_c24 سم.
336 _aنص
_btxt
_2rdacontent
_3كتاب
337 _aبدون وسيط
_bn
_2rdamedia
338 _aمجلد
_bnc
_2rdacarrier
490 0 _aمطبوعات نادي مكة الثقافي الأدبي ؛
_v87
500 _aختم اهداء من ابن المؤلف محمد احمد جمال الى الشيخ رحمه الله في عام 1414 هـ
600 0 7 _aمحمد (صلى الله عليه وسلم)،
_d53 قبل الهجرة-11 هجري
_2aucnm
650 7 _aالأخلاق الإسلامية
_2aucsh
650 7 _aالآداب الإسلامية
_2aucsh
650 7 _aالسيرة النبوية
_2aucsh
942 _2ddc
_cBOOK
_n0
949 _aSA-JeALM
_d250610
_uosman123
_n1
999 _c8873
_d8873